Statistiques concernant Personnalités nées à Rouen

Cliquez ici pour prendre le quiz!

Statistiques générales

  • Ce quiz a été pris 296 fois
  • Le résultat moyen est 6 sur 12

Statistiques - réponses

Année de naissanceFonction / ProfessionPersonnage% Correct
1970Politique / Maire du Havre et Premier ministreEdouard Philippe
81%
1606Dramaturge / Le CidPierre Corneille
79%
1954Politique / Président de la RépubliqueFrançois Hollande
77%
1821Ecrivain / Madame BovaryGustave Flaubert
70%
1959Animateur de télévision / Le BigdilVincent Lagaf'
67%
1969Judoka / Champion olympique en 1996 et 2000David Douillet
62%
1963Journaliste / Cash InvestigationElise Lucet
54%
1977Footballeur / Buteur en finale de l'Euro 2000,tir sur la barre en finale de la Coupe du monde 2006David Trezeguet
52%
1966Actrice / La Famille BélierKarin Viard
27%
1920Politique / Candidat à l'élection présidentielle de 1965 et fondateur de l'UDF avec Valéry Giscard d'EstaingJean Lecanuet
19%
1866Médecin / Prix Nobel de médecine en 1928Charles Nicolle
14%
1643Explorateur / Découverte de la LouisianeRené Robert Cavelier de La Salle
8%

Distribution des résultats

Percentile par nombre de réponses

% des personnes avec chaque résultat

Votre développement - résultats

Vous n’avez pas pris ce quiz